Introduction to e-commerce /

Guardado en:
Detalles Bibliográficos
Autor principal: Rayport, Jeffrey F.
Otros Autores: Jaworski, Bernard J.
Formato: Libro
Publicado: Boston : McGraw-Hill Irwin MarketspaceU, c2004.
Edición:2nd ed.
Colección:McGraw-Hill/Irwin series in marketing
Materias:
Acceso en línea:http://www.loc.gov/catdir/enhancements/fy0702/2003044184-d.html
http://www.loc.gov/catdir/enhancements/fy0702/2003044184-t.html
Etiquetas: Agregar Etiqueta
Sin Etiquetas, Sea el primero en etiquetar este registro!

MARC

LEADER 00000cam a22000004a 4500
005 20260418153656.0
020 |a 0072553472  |c TZS 10,000/= 
020 |a 9780072553475 
040 |a MCCL  |b eng.  |e AACR 2nd rev. ed. 
082 0 0 |a 368.142 RAY 
100 1 |a Rayport, Jeffrey F. 
245 1 0 |a Introduction to e-commerce /  |c Jeffrey F. Rayport, Bernard J. Jaworski. 
250 |a 2nd ed. 
260 |a Boston :  |b McGraw-Hill Irwin MarketspaceU,  |c c2004. 
300 |a xxvii, 516 p. :  |b ill. ;  |c 27 cm. 
440 0 |a McGraw-Hill/Irwin series in marketing 
504 |a Includes bibliographical references and index. 
650 0 |a Electronic commerce. 
700 1 |a Jaworski, Bernard J. 
856 4 2 |u http://www.loc.gov/catdir/enhancements/fy0702/2003044184-d.html 
856 4 1 |u http://www.loc.gov/catdir/enhancements/fy0702/2003044184-t.html 
942 |c BK 
999 |c 12699  |d 12699